Dopasuj gminę do powiatu - Polesie - Statystyki

Ogólne statystyki
  • Ten quiz został rozwiązany 10 razy
  • Średni wynik to 16 z 27
Statystyki odpowiedzi
Hint Odpowiedź % Poprawnych
Podedwórze powiat parczewski
80%
Siemień powiat parczewski
80%
Janów Podlaski powiat bialski
70%
Terespol powiat bialski
70%
Piszczac powiat bialski
70%
Leśna Podlaska powiat bialski
70%
Zalesie powiat bialski
70%
Dębowa Kłoda powiat parczewski
70%
Sławatycze powiat bialski
60%
Drelów powiat bialski
60%
Rokitno powiat bialski
60%
Jabłoń powiat parczewski
60%
Sosnowica powiat parczewski
60%
Sosnówka powiat bialski
50%
Rossosz powiat bialski
50%
Łomazy powiat bialski
50%
Kodeń powiat bialski
50%
Konstantynów powiat bialski
50%
Tuczna powiat bialski
50%
Wisznice powiat bialski
50%
Milanów powiat parczewski
50%
Hanna powiat włodawski
50%
Hańsk powiat włodawski
50%
Stary Brus powiat włodawski
50%
Wyryki powiat włodawski
50%
Urszulin powiat włodawski
40%
Wola Uhruska powiat włodawski
40%
Nie znaleziono quizów pasujących do podanych kryteriów
Rozkład punktacji
Procent ludzi z każdym wynikiem
Percentyl według liczby udzielonych odpowiedzi
Twoja historia wyników
Nie rozwiązałeś tego quizu